بہا ر ميں ا ر د و ا فسا نہ نگا ر ی (Record no. 172509)

MARC details
000 -LEADER
fixed length control field 00669nam a22001937a 4500
005 - DATE AND TIME OF LATEST TRANSACTION
control field 20200206124408.0
010 ## - LCCN (DPL NO)
LC control number A-412495
020 ## - INTERNATIONAL STANDARD BOOK NUMBER
Terms of availability 60.00
International Standard Book Number -
035 ## - SYSTEM CONTROL NUMBER
System control number A-412495
037 ## - SOURCE OF ACQUISITION
Source of stock number/acquisition DBAD/PUB
Stock number -
082 ## - DEWEY DECIMAL CLASSIFICATION NUMBER
Classification number 843.08
100 ## - MAIN ENTRY--PERSONAL NAME
Personal name مر تبہ:و ہا ب ا شر فی
245 ## - TITLE STATEMENT
Title بہا ر ميں ا ر د و ا فسا نہ نگا ر ی
Statement of responsibility, etc مر تبہ:و ہا ب ا شر فی
246 ## - VARYING FORM OF TITLE
Remainder of title Bihar mein Urdu Afsana Nigari (Urdu)
Title proper/short title Edited by Wahab Ashrafi
260 ## - PUBLICATION, DISTRIBUTION, ETC. (IMPRINT)
Place of publication, distribution, etc Patna
Name of publisher, distributor, etc Bihar Urdu Academy
Date of publication, distribution, etc 1989 ء
270 ## - ADDRESS
Address Urdu Bhawan Ashok Raj Path
City Patna
Postal code 4
Telephone number -
Fax number -
300 ## - PHYSICAL DESCRIPTION
Extent 752 ص
Dimensions 22 Cm(Hb)
942 ## - ADDED ENTRY ELEMENTS (KOHA)
Source of classification or shelving scheme Dewey Decimal Classification
Item type Urdu Bks
Classification part 843.08
Call number suffix و ہ ا
Holdings
Withdrawn status Lost status Not for loan Collection code Home library Current library Date acquired Source of acquisition Cost, normal purchase price Full call number Barcode Copy number Cost, replacement price Koha item type
      Non-fiction Central Library Central Library 06/02/2020 BPPD/Ven. 60.00 843.08 و ہ ا A-412491 1 60.00 Urdu Bks

© Delhi Public Library
Hit Counter
free hit counter